Las aventuras de Sherlock Holmes / (Record no. 188472)

MARC details
000 -LEADER
campo de control de longitud fija 01002nam a2200241 i 4500
001 - NÚMERO DE CONTROL
campo de control 188472
003 - IDENTIFICADOR DE NÚMERO DE CONTROL
campo de control SpMaBN
005 - FECHA Y HORA DE LA ÚLTIMA TRANSACCIÓN
campo de control 20250921063041.0
008 - DATOS DE LONGITUD FIJA--INFORMACIÓN GENERAL
campo de control de longitud fija 181121s1999 sp |||| | spa d
020 ## - NÚMERO INTERNACIONAL ESTÁNDAR DEL LIBRO
Número Internacional Estándar del Libro 84-7672-926-X
080 ## - NÚMERO DE LA CLASIFICACIÓN DECIMAL UNIVERSAL
Número de la Clasificación Decimal Universal 821.111-31"18"
100 1# - ENTRADA PRINCIPAL--NOMBRE DE PERSONA
Nombre de persona Doyle, Arthur Conan,
Títulos y otros términos asociados al nombre Sir,
Fechas asociadas al nombre 1859-1930
9 (RLIN) 45552
245 14 - MENCIÓN DEL TÍTULO
Título Las aventuras de Sherlock Holmes /
Mención de responsabilidad, etc. A. Conan Doyle ; traducción, Enrique Campbell ; prólogo y presentación, Francesc Ll. Cardona ; [nota preliminar, Jorge A. Sánchez].
260 ## - PUBLICACIÓN, DISTRIBUCIÓN, ETC.
Lugar de publicación, distribución, etc. Barcelona :
Nombre del editor, distribuidor, etc. Edicomunicación,
Fecha de publicación, distribución, etc. [1999]
300 ## - DESCRIPCIÓN FÍSICA
Extensión 318 p. ;
Dimensiones 19 cm.
490 1# - MENCIÓN DE SERIE
Mención de serie Colección cultura ;
Designación de volumen o secuencia 26
594 ## - Nota al título y mención de responsabilidad
Nota al título y mención de responsabilidad Carece del prólogo y presentación anunciados en port., de Francesc Ll. Cardona ; Con nota preliminar de Jorge A. Sánchez.
700 1# - ENTRADA AGREGADA--NOMBRE PERSONAL
Nombre de persona Campbell, Enrique.
9 (RLIN) 165619
830 0# - PUNTO DE ACCESO ADICIONAL DE SERIE-TÍTULO UNIFORME
Título uniforme Colección cultura ;
Designación de volumen o secuencia 26
9 (RLIN) 225696
852 ## - LOCALIZACIÓN
Ubicación ES-MaACL
Número de control de estantería A-14279
itemnumber 195602
Sublocalización o colección R.152161
Ubicación en estantería Depósito 1
Signatura antigua Olim: N-7279
942 ## - ELEMENTOS DE ENTRADA SECUNDARIOS (KOHA)
Fuente del sistema de clasificación o colocación Clasificación decimal universal
Tipo de ítem Koha Libro impreso
Holdings
Estatus retirado Estado de pérdida Fuente del sistema de clasificación o colocación Estado de daño No para préstamo Biblioteca de origen Biblioteca actual Ubicación en estantería Fecha de adquisición Fuente de adquisición Total de préstamos Signatura topográfica completa Código de barras Visto por última vez Precio de reemplazo Tipo de ítem Koha
    Clasificación decimal universal     Biblioteca del Ateneo de Madrid Biblioteca del Ateneo de Madrid Depósito 1 21/11/2018 Donación   A-14279 1199378 23/02/2023 23/02/2023 Libro impreso